000 00817npc a2200217Ia 4500
001 dg60-28735 [d000003413]
003 IT-MiCISF
008 161014s9999||||xx | und||
040 _aIT-MiCISF
_cIT-MiCISF
041 _ait
100 _aDozza Liliana
245 0 _aDiamo corso all'integrazione
_bAtti del convegno, Macerata, settembre 1997
250 _a1a ed.
260 _aMacerata
_bProvincia di Macerata
_c1997
300 _app. 151
500 _aTrisciuzzi L., Micozzi M., Zucchi R., Biavati A., Borsetti G., Vianello R., Gentile M., Janes D., Pigliacampo R., Canevaro A., Pigliapoco S., Hanau C., Vita A., Storani L., Secchairoli M. / handicap, scuola, servizi-sociali, territorio, operatori, legisla
650 _ahandicap
700 _aAA.VV.
942 _cDD
957 _71
999 _a28735
_bsi
_g1
_c207327
_d207327